Statistics for The Habsburg Monarchs

Click here to take the quiz!

General Stats

  • This quiz has been taken 384 times
  • The average score is 22 of 30

Answer Stats

ReignCountryAnswer% Correct
1916-1918AustriaCharles I
94%
1665-1700SpainCharles II
94%
1519/1516-1556HRE/SpainCharles V/I
94%
1711-1740HRECharles VI
94%
1742-1745HRECharles VII
94%
1848-1916AustriaFranz Joseph I
88%
1556-1564HREFerdinand I
80%
1835-1848AustriaFerdinand I
80%
1619-1637HREFerdinand II
80%
1637-1657HREFerdinand III
80%
1705-1711HREJoseph I
78%
1765-1790HREJoseph II
78%
1863-1867MexicoMaximillian I
76%
1493-1519HREMaximillian I
76%
1564-1576HREMaximillian II
76%
1556-1598SpainPhilip II
75%
1745-1765HREFrancis I
71%
1792-1835HRE/AustriaFrancis II
71%
1598-1621SpainPhilip III
68%
1621-1665SpainPhilip IV
68%
1745-1765HRE?Maria Theresa
62%
1298-1308HRERudolph I
61%
1576-1612HRERudolph II
61%
1657-1705HRELeopold I
60%
1790-1792HRELeopold II
60%
1313-1330HREFrederick II
57%
1440-1493HREFrederick III
57%
1273-1291HREAlbert I
42%
1438-1439HREAlbert II
42%
1612-1619HREMatthias
37%

Score Distribution

Percentile by Number Answered

Percent of People with Each Score

Your Score History

You have not taken this quiz